রংপুরে ইসলাম / (Record no. 27302)

MARC details
000 -LEADER
fixed length control field 01017nam a22002177a 4500
003 - CONTROL NUMBER IDENTIFIER
control field BDDh-ASL
005 - DATE AND TIME OF LATEST TRANSACTION
control field 20231015030741.0
008 - FIXED-LENGTH DATA ELEMENTS--GENERAL INFORMATION
fixed length control field 200914b1994 b ||||| |||| 00| 0 b d
040 ## - CATALOGING SOURCE
Original cataloging agency BDDh-ASL
Transcribing agency BDDh-ASL
Modifying agency BDDh-ASL
041 ## - LANGUAGE CODE
Language code of text/sound track or separate title bengali
082 ## - DEWEY DECIMAL CLASSIFICATION NUMBER
Classification number 297.9245
Item number CHR
100 1# - MAIN ENTRY--PERSONAL NAME
9 (RLIN) 5531
Personal name চৌধুরী, মোহাম্মদ হাসান আলী
245 1# - TITLE STATEMENT
Title রংপুরে ইসলাম /
246 ## - VARYING FORM OF TITLE
Title proper/short title Rongpure Islam
260 ## - PUBLICATION, DISTRIBUTION, ETC.
Place of publication, distribution, etc. ঢাকা:
Name of publisher, distributor, etc. ইসলামিক ফাউন্ডেশন বাংলাদেশ,
Date of publication, distribution, etc. ১৯৯৪।
300 ## - PHYSICAL DESCRIPTION
Extent ১১৮ পৃষ্ঠা:
Dimensions ২২ সে. মি.।
500 ## - GENERAL NOTE
General note গ্রন্থপঞ্জি ও নিঘন্ট সংযুক্ত ।
650 #0 - SUBJECT ADDED ENTRY--TOPICAL TERM
Topical term or geographic name entry element ইসলাম ধর্ম , Isalāma dharma, Islam, Religion, Mohammedism, Mohammadan, Mohammedan, Muhammadan, Islamic Relition, Peace
Form subdivision Islam
9 (RLIN) 747
651 #0 - SUBJECT ADDED ENTRY--GEOGRAPHIC NAME
Geographic name Rangpur (রংপুর)
Geographic subdivision Bangladesh (বাংলাদেশ)
9 (RLIN) 4596
942 ## - ADDED ENTRY ELEMENTS (KOHA)
Source of classification or shelving scheme Dewey Decimal Classification
Koha item type Books
Holdings
Withdrawn status Lost status Source of classification or shelving scheme Damaged status Not for loan Collection code Home library Current library Shelving location Date acquired Source of acquisition Total Checkouts Full call number Barcode Date last seen Copy number Price effective from Koha item type
    Dewey Decimal Classification     Non-fiction Asiatic Society Library Asiatic Society Library General Stacks 10/31/2021 ASB Collection   297.9245 CHR 113396 10/31/2021 C-1 10/31/2021 Books
    Dewey Decimal Classification     Non-fiction Asiatic Society Library Asiatic Society Library General Stacks 10/31/2021 ASB Collection   297.9245 CHR 113397 10/31/2021 C-2 10/31/2021 Books

Powered by Koha